| 000 | 00581nam a2200181Ia 4500 | ||
|---|---|---|---|
| 003 | GCL | ||
| 008 | 140319s9999 xx 000 0 ara d | ||
| 040 |
_aGCL / _cGCL |
||
| 082 | 0 | 4 |
_a956.5 _bح ا |
| 100 | 1 | _aمحمد شلق | |
| 245 | 1 | 0 |
_aارض الذكريات : 300 لوحة رائعة من القرن الماضى : سوريا ولبنان وفلسطين والاردن / _cمحمد شلق |
| 300 | _a376 ص | ||
| 490 | _a | ||
| 650 | 0 | 4 | _aسوريا |
| 650 | 0 | 4 | _aسوريا - تاريخ |
| 650 | 0 | 4 | _aسوريا - تاريخ - العصر الحديث |
| 942 |
_2ddc _cBK |
||
| 999 |
_c48009 _d48009 |
||